000 00547cam a2200205ua 4500
001 6545
008 131221n ii |||gr||||Z||||||eng
020 _a0-07-123365-2
040 _cMAIN
082 _a519.5
245 _aComplex variables and applications
_cBy James ward brown
250 _a7th ed.
260 _aNew york:
_bMcGraw hill,
_c2003.
300 _axiv,451p.
653 _aCommerce
653 _aComplex variables and applications
700 _aBrown,James brown,
_eAuthor.,
700 1 _aChurchill,Ruel V.,
_eAuthor.
942 _cBK
999 _c5694
_d5694